| 000 | 00000nam##2200000za#4500 |
| 001 | 9.635389 |
| 003 | CaOODSP |
| 005 | 20210624220231 |
| 007 | cr ||||||||||| |
| 008 | 150407|2008||||xxc|||||o f|0| 0 fre|d |
| 020 | |a978-0-662-04032-3 |
| 040 | |aCaOODSP|bfre |
| 043 | |an-cn--- |
| 086 | 1 |aH164-85/2008F-PDF |
| 110 | 1 |aCanada. |bSanté Canada. |
| 245 | 10|aForger des liens - programmes, ressources et outils / |h[ressource électronique]|c[par] Direction des produits de santé commercialisés. |
| 260 | |aOttawa - Ontario : |bSanté Canada |c[2008]. |
| 300 | |a2p. |
| 590 | |a12-42-Supp|b2012-11-21 |
| 691 | 07|aProduit pour les soins de santé|2gcpds |
| 775 | 08|tReaching out - programs, resources and tools / |w(CaOODSP)9.691050 |
| 856 | 40|ahttp://publications.gc.ca|qPDF|s421 Ko|uhttps://publications.gc.ca/collections/collection_2012/sc-hc/H164-85-2008-fra.pdf |
| 986 | |aSC Pub. : 4783 |